| 000 | 00418nam a2200169Ia 4500 | ||
|---|---|---|---|
| 008 | 221030s9999 xx 000 0 und d | ||
| 020 | _a007066756X | ||
| 041 | _aEnglish | ||
| 082 | _a105.23 | ||
| 100 | _aS. K. Mitra | ||
| 245 | 0 |
_aDigital Signal Processing - A Computer Based Approach _cby S. K. Mitra |
|
| 250 | _a3rd | ||
| 260 |
_bTMH _aNew Delhi _c2010 |
||
| 300 | _a916 | ||
| 650 | _aBE Computer | ||
| 942 | _cBK | ||
| 999 |
_c9197 _d9197 |
||